000 00662nam a22002177a 4500
005 20130417121251.0
008 130417b xxu||||| |||| 00| 0 eng d
010 _aENG-106884
020 _a9780230332133
_c350.00
035 _aEN-90417
037 _bDBAD/PUB
040 _aDPL
_bEng
082 _a005.8
100 _aMehra,Navneet
245 _aHackers beware :
_cby Navneet Mehra
_ba guide to protect your PC /
260 _aGurgaon
_bMacmillan Publishers
_c2011
270 _a3A, 5th Floor, DLF Corporate Park
_bGurgaon
_e122002
300 _axiv,266p. :
_c24cm(pbk)
_bill.
500 _aIncludes index
942 _2ddc
_cEN
_h005.8
_mMEH
999 _c74654
_d74654